000 01193cam a22003377a 4500
003 CHAP
005 20220329142002.0
008 981109d1998 mx ae r 00110 spa d
010 _a76662
011 _a77634
035 _a87243
040 _cCHAP
090 _aTesis
100 0 0 _aDomínguez Gómez, Efrén.
_933817
245 1 0 _aRediseño y construcción de una secadora de café Pergamino
_c/por Efrén Domínguez Gómez
260 _aChapingo, Méx. :
_bEl autor,
_c1998.
300 _a94 h. :
_bilus. ; gráfs. ; plano ; cuadros ; anexo
502 _aTesis (Ing. Mecánico Agrícola) -- UACH. Departamento de Ingeniería Mecánica Agrícola
590 _aALEPH
_b10
_c20130110
_lUCH01
_h1426
590 _aBATCH-UPD
_b10
_c20130110
_lUCH01
_h0553
590 _aBATCH-UPD
_b10
_c20130410
_lUCH01
_h0235
590 _aBATCH-UPD
_b10
_c20130914
_lUCH01
_h0811
590 _aCONVERSION
_b10
_c20130109
_lUCH01
_h1342
650 1 4 _aCafé
_xDeshidratación.
_917125
650 1 4 _aSecadores.
_9103479
901 _aBK
905 _aMa. del Socorro Iturbe C.
942 _cFOLL
949 _bBC
_cTES
_d33724000707303
_eTS2
_fc.2
_h33124
_i87243
_sb
949 _bBC
_cTES
_d872431
_eTS1
_h33123
_i87243
_sb
999 _c76662
_d76662